00808nai a2200193Ia 4500003000900000008004100009022002200050022002300072040001600095245007900111260008600190310001400276362002900290521006900319650005800388650003600446650003900482856009300521IN-BaIIA211028c9999 xx s 000 0 eng d a0096-3860 (Print) a2330-9431 (Online) cIIA Library 0aTransactions of the American Institute of Electrical Engineersh[eJournal] aNew York, USAbThe Institute of Electrical and Electronics Engineers, Inc. (IEEE) aBiannualy aI(1); 1884 - 70(2); 1951 bSubscribed through National Knowledge Resource Consortium (NKRC) a Communication, Networking and Broadcast Technologies a Signal Processing and Analysis aFields, Waves and Electromagnetics uhttps://ieeexplore.ieee.org/servlet/opac?punumber=4763772yClick Here to Access eJournal